000 01155nam a2200325Ia 4500
001 ebr10115198
003 CaPaEBR
006 m u
007 cr cn|||||||||
008 030421s2003 nyua sb 000 0 eng d
010 _z 2003050573
020 _z1403973644
020 _z1403962952 (pbk.)
040 _aCaPaEBR
_cCaPaEBR
035 _a(OCoLC)560039031
050 1 4 _aPN2071.M37
_bS56 2003eb
082 0 4 _a792/.028
_221
100 1 _aSimon, Eli.
245 1 0 _aMasking unmasked
_h[electronic resource] :
_bfour approaches to basic acting /
_cEli Simon.
250 _a1st ed.
260 _aNew York :
_bPalgrave Macmillan,
_c2003.
300 _axx, 181 p. :
_bill.
504 _aIncludes bibliographical references.
533 _aElectronic reproduction.
_bPalo Alto, Calif. :
_cebrary,
_d2009.
_nAvailable via World Wide Web.
_nAccess may be limited to ebrary affiliated libraries.
650 0 _aActing.
650 0 _aMasks.
655 7 _aElectronic books.
_2local
710 2 _aebrary, Inc.
856 4 0 _uhttp://site.ebrary.com/lib/rucke/Doc?id=10115198
_zAn electronic book accessible through the World Wide Web; click to view
999 _c103542
_d103542